| 000 | 01740nam a2200433 i 4500 | ||
|---|---|---|---|
| 001 | ELB68409 | ||
| 003 | FlNmELB | ||
| 006 | m o d | | ||
| 007 | cr cnu|||||||| | ||
| 008 | 150312s2014 cl o 001 0 spa d | ||
| 020 | _z9789563032543 | ||
| 020 | _a9789563032550 (e-book) | ||
| 035 | _a(MiAaPQ)EBC3227216 | ||
| 035 | _a(Au-PeEL)EBL3227216 | ||
| 035 | _a(CaPaEBR)ebr11013152 | ||
| 035 | _a(OCoLC)992041898 | ||
| 040 |
_aFINmELB _bspa _erda _cFINmELB |
||
| 050 | 4 |
_aPQ8035 _bG589 2014 |
|
| 080 | _a821.134.283 | ||
| 082 | 0 |
_a860 _223 |
|
| 100 | 1 | _aGodoy Sepúlveda, Eduardo Andrés. | |
| 245 | 1 | 0 |
_aJuan Segundo Montoya Nova (1899-1988) : _bla consecuencia de un anarcosindicalista y naturista libertario en Chile / _cEduardo Andrés Godoy Sepúlveda. |
| 264 | 1 |
_aSantiago de Chile : _bEditorial de la Universidad de Santiago de Chile, _c[2014] |
|
| 300 | _a1 recurso en línea (167 páginas) | ||
| 336 |
_atexto _btxt _2rdacontent/spa |
||
| 337 |
_acomputadora _bc _2rdamedia/spa |
||
| 338 |
_arecurso en línea _bcr _2rdacarrier/spa |
||
| 490 | 1 | _aColección grandes de Chile | |
| 500 | _aContiene índice. | ||
| 588 | _aDescripción basada en recurso en línea; Título de la página del título en PDF (e-libro, visto March 12, 2015). | ||
| 590 | _aRecurso electrónico. Santa Fe, Arg.: e-libro, 2015. Disponible vía World Wide Web. El acceso puede estar limitado para las bibliotecas afiliadas a e-libro. | ||
| 600 | 1 | 4 |
_aMontoya Nova, Juan Segundo, _d1899-1988. |
| 650 | 0 | _aChilean literature. | |
| 650 | 4 | _aLiteratura chilena. | |
| 655 | 4 | _aLibros electrónicos. | |
| 797 | 2 | _ae-libro, Corp. | |
| 830 | 0 | _aColección grandes de Chile. | |
| 856 | 4 | 0 | _uhttps://elibro.net/ereader/usam/68409 |
| 999 |
_c144197 _d144197 |
||